000 01263cab a2200229 4500
001 ABS44517
008 090401t1991 xxu||||| |||| 00| 0 eng d
035 _a(Sirsi) u47620
041 _aeng
100 _aRoberts, J.
245 _aConference report Nice 1991
260 _c1991
350 _a0
490 _aShopping Centre Horizons
_v(22) Spring 1991, 2-13(12)
520 _aAs an international event, the ICSC conference in Nice was keen to identify and report on market trends throughout Europe without giving coverage to any one country. Accordingly the fortunes of shopping centres in 1990 were summarised by region: southern, central, northern and eastern Europe , before passing on in day 2 to themes of common interest. Speakers addressed subjects such as the renovation of ailing centres, conservation within historic towns, airport shops . The 3rd day reviewed the North American market, and five specific centres in Europe, and the final day considered future developments, with the advent of a market of 350 million people as a major preoccupation.
650 _aRETAILING
650 _aSINGLE MARKET
690 _aPROPERTY-COMMERCIAL PROPERTY-COMMERCIAL PROPERTY MARKET
700 _aFrampton, R.
942 _n0
948 _c04/03/1997
999 _c30021
_d30021